000 00352nam a22001337a 4500
999 _c16871
_d16871
008 180626b xxu||||| |||| 00| 0 eng d
020 _a1861529384
100 _aRoe, Michael
245 _aMarket Research in Action
_cMichael Roe
260 _aAustralia
_bThomson
_c2004
300 _axi, 260p.
_bill.
650 _2Marketing Research
942 _2lcc
_cBK